000 00280nam a22001097a 4500
082 _a100
100 _aOSHO
_918534
245 _aTHE Voice of silence Talks on Mabel Collins Light on the Path
260 _aMumbai
_bJaico Publishing House
_c2024
650 _aPhilosophy
942 _cBK
999 _c67422
_d67422